| 000 | 00634nam a2200229Ia 4500 | ||
|---|---|---|---|
| 003 | OSt | ||
| 005 | 20220928104014.0 | ||
| 006 | a|||||r|||| 00| 0 | ||
| 007 | ta | ||
| 008 | 220927b |||||||| |||| 00| 0 eng d | ||
| 024 | _a59965 | ||
| 037 | _cTextual | ||
| 040 |
_aSDCL _cSDCL _beng |
||
| 041 |
_2eng _aeng |
||
| 082 | _aR693:(Q:34), L3 | ||
| 100 |
_aPatria Muktaprashad _9408142 |
||
| 245 | 0 | _aJaindarshan aatmadravya vivechanam. | |
| 260 |
_aNew Delhi _bPrachya Vidhya Shodh Acedmic _c1973 |
||
| 300 |
_a254p. _ccm. |
||
| 942 |
_hR693:(Q:34), L3 _cTEXL _2CC |
||
| 999 |
_c723632 _d723632 |
||